00915nam a2200169 4500003000800000005001700008008004100025040002600066041000800092100003300100245025800133260004400391300001700435502017000452504004200622830008100664DO-SdUA20250325093548.0 s2024 dr a|| |||| 0 |a||0|spa d aDO-SdUAbspacDO-SdUA0 aspa1 aRossó Guzmán, Claudelina10aFamilias integradas al Centro Educativo para la mejora de los aprendizajes en niños de preprimario del nivel inicial, Escuela Adela Romero de Céspedes, Comunidad de Villarpando, Azua, Rep. Dom. año escolar 2023-2024 /cClaudelina Rossó Guzmán. aSan Juan de la Maguana :bUASD, c2024. a94 h. :bil. aTesis y trabajo de grado (Maestría en Procesos Pedagógicos y Gestión de la Educación)--Universidad Autónoma de Santo Domingo, San Juan de la Maguana, 2024. aIncluye referencias bibliográficas. aTesis y disertaciones académicas (Universidad Autónoma de Santo Domingo)